000 00312nam a22001217a 4500
008 180522b xxu||||| |||| 00| 0 eng d
041 _aeng
080 _a043.3
100 _a0
101 _aMBE-BA
245 _aNxitja e Shitjes enpermes Bonus Kartelave ne Qendrat Tregtare ne Kosove
_cGoga, G
942 _2udc
_cBK
999 _c46210
_d46210